000 01508cam a22003974i 4500
003 PE-LiUPU
005 20250731173208.0
008 150625s1982 sp r 000 0 spa d
035 _a(Sirsi) a31587
040 _aPE-LiUPU
_bspa
_cPE-LiUPU
_erda
082 0 4 _a220.63
_bBEB
_221
100 1 _aSchurmann, Heinz,
_eautor.
245 1 1 _a¿Como Entendio y Vivio Jesús su Muerte?
_n42.
264 1 _aSalamanca :
_bEdiciones Sigueme,
_c1982.
300 _a166 páginas ;
_c21 centímetros
336 _atext
_2rdacontent
337 _aunmediated
_2rdamedia
338 _avolume
_2rdacarrier
505 0 _aComo entendio y supero Jesus su muerte -- La supervivencia de la causa de Jesusen la comida pospascual del Señor -- La ley de Cristo (Gal. 6, 2) -- Panoramica: El Cristo proexistente, ¿centro de la fe del mañana?.
526 _aSEG42
526 _aSEG41
526 _aSEG40
526 _aSEG39
526 _aP94
526 _aP87
526 _aP86
526 _aP85
526 _aP77
526 _aP76
526 _aP35
942 _2ddc
_cBOOK
949 _a220.63 BEB 42
_wDEWEY
_c1
_i37098
_lCCODEBUL1
_mBUL
_p30.00
_r0
_sY
_tBOOK
_u2015-06-25
_xBIBLIOTECA
_zUNKNOWN
_0COMPRA
_o.STAFF. Colección Teología
596 _a1
999 _a220.63 BEB 42
_wDEWEY
_c39152
_i37098
_d39152
_e2016-10-16
_f2021-11-11
_g5
_lCCODEBUL1
_mBUL
_n1
_p30.00
_r0
_sY
_tBOOK
_u2015-6-25
_xTEOLOGIA
_PP35
_0COMPRA
_o.STAFF. Colección Teología
980 _81
_gALBERTO SANCHEZ Responsable de Automatización